Państwa graniczne z... Polską - Statystyki

Ogólne statystyki
  • Ten quiz został rozwiązany 1 365 razy
  • Średni wynik to 7 z 7
Statystyki odpowiedzi
Długość granicy Kraj % Poprawnych
467 km Niemcy
98%
796 km Czechy
96%
210 km Rosja
95%
535 km Ukraina
94%
104 km Litwa
93%
541 km Słowacja
93%
418 km Białoruś
91%
Nie znaleziono quizów pasujących do podanych kryteriów
Rozkład punktacji
Procent ludzi z każdym wynikiem
Percentyl według liczby udzielonych odpowiedzi
Twoja historia wyników
Nie rozwiązałeś tego quizu